| 000 | 00952nam a2200265 a 4500 | ||
|---|---|---|---|
| 001 | 000041589 | ||
| 005 | 20201002035644.0 | ||
| 008 | 130902s1984 sp c 000 0 spa d | ||
| 020 |
_a8434581639 _8v. 1 |
||
| 020 |
_a8434581647 _8v. 2 |
||
| 040 |
_aDO-SdBNP _bspa _cBNPHU |
||
| 082 |
_axxx _bxxx |
||
| 100 | 1 |
_aDubos, Rene J. _968354 |
|
| 240 | 1 | 0 |
_aLouis Pasteur _lIngles |
| 245 | 1 | 0 |
_aPasteur / _cRene J. Dubos; prólogo, Pedro Lain Entralgo; traducción, Francisco Guerra. |
| 260 |
_aBarcelona : _bSalvat, _c1984. |
||
| 300 |
_a2 v. : _bretrs. ; _c20 cm. |
||
| 490 | 1 |
_aBiblioteca Salvat de grandes biografías _v18 |
|
| 490 | 1 |
_aBiblioteca Salvat de grandes biografías _v19 |
|
| 504 |
_aBibliografía p: 369 _bv. 2 |
||
| 700 | 1 |
_aEntralgo, Pedro Lain _eprol. _949555 |
|
| 700 | 1 |
_aGuerra, Francisco _etrad. _926538 |
|
| 830 | 0 |
_aBiblioteca Salvat de grandes biografías _v18 _942025 |
|
| 830 | 0 |
_aBiblioteca Salvat de grandes biografías _v19 _942025 |
|
| 999 |
_c41079 _d41079 |
||